| 000 | 00414nam a22001457a 4500 | ||
|---|---|---|---|
| 005 | 20240708131619.0 | ||
| 008 | 240708b |||||||| |||| 00| 0 eng d | ||
| 020 | _a978-93-85256-11-0 | ||
| 041 | _aeng | ||
| 100 |
_aSHARMA,DR.KESAV CHANDRA EVAM SINGH, DR. D.P. _98454 |
||
| 245 | _aAACHARYA, JAGDISH CHANDRA BOSU | ||
| 260 |
_aKURUKSHETRA _bVIDHYA BHARTI SANSKRITI SHIKSHA SANSTHAN |
||
| 300 | _a96; P | ||
| 942 | _cBK | ||
| 999 |
_c8572 _d8570 |
||